000
00282nam a2200097Ia 4500
001
873615
005
20250826181300.0
008
250824s9999 xx 000 0 und d
245
0
_a
BAŞ EĞMEYEN GÖK SOYLU HUN HAKANI ÇİÇİ HAN
_c
AHMET HALDUN TERZİOĞLU
260
_b
PANAMA YAYINLARI
999
_c
873615
_d
873615